000 00885nam a2200253 a 4500
001 24869
003 CO-ViMGA
008 141112s2004 ck r 000 u spa d
020 _a9786077073888
040 _aCO-ViMGA
_bspa
_cCO-ViMGA
082 0 4 _a658.022 S11t
100 1 _aScali, Jorge Omar
_937184
245 1 0 _aTablero de comando en las pymes /
_cJorge Omar Scali, Gustavo Norberto Tapia
250 _a1a. ed.
260 _aMexico :
_bAlfaomega,
_c2012
300 _a261 p. : il., gráficos y diagrs. ; 23 cm.
500 _a"Incluye soluciones desarrolladas en Microsoft excel listas para usar" - - port.
504 _aBibliografía : p. 257 - 259
598 _aNEW - GRAL
650 1 4 _aPequeña y mediana empresa
_9560
700 1 _aTapia, Gustavo Norberto
_937185
942 _2ddc
_cBK
990 _aAlfaomega Colombiana S.A. 1 ejemplar (importado) 21 03/05/2012 n a808056
999 _c32668
_d32668